The Custom of the Country /

में बचाया:
ग्रंथसूची विवरण
मुख्य लेखक: Wharton, Edith.
स्वरूप: पुस्तक
भाषा:English
प्रकाशित: London : David Campbell, 1994.
विषय:
टैग : टैग जोड़ें
कोई टैग नहीं, इस रिकॉर्ड को टैग करने वाले पहले व्यक्ति बनें!
Thư viện lưu trữ: Mạng thư viện Đại học Đà Nẵng
LEADER 00961cam a2200373 i 4500
001 000047268
003 6868
005 20030225120932.0
008 010310|1994 vm 000 eng
020 |a 1857151984 
022 |a T 
040 |a IRC  |c IRC  |d IRC 
041 0 |a eng 
082 1 4 |a 813.52  |b WH-E 
100 1 |a Wharton, Edith. 
245 0 4 |a The Custom of the Country /  |c Edith Wharton ; Introduced by Lorna Sage. 
260 |a London :  |b David Campbell,  |c 1994. 
300 |a 413p. ;  |c 20cm. 
630 0 4 |a American literature. 
630 0 4 |a American stories. 
630 0 4 |a Edith Wharton. 
630 0 4 |a Divorced women. 
630 0 4 |a The Custom of the Country. 
650 0 4 |a Literature, American  |x Stories. 
OWN |a DUT 
999 |a From the UDN01 
TYP |a Monograph 
TYP |a Printed language 
980 |a Mạng thư viện Đại học Đà Nẵng